Makroekonomické řízení a hospodářská politika státu. 3. Názory profesora Miltona Friedmana.

Tretia a posledná časť článku známeho ekonóma. Inflácia, jej príčiny a dôsledky a spôsob jej liečenia. Stanoviská k niektorým ďalším aspektom hospodárskej politiky.

Salvato in:
Dettagli Bibliografici
Natura: Capitolo di libro
Lingua:ceco
Soggetti:
Tags: Aggiungi Tag
Nessun Tag, puoi essere il primo ad aggiungerne!!

MARC

LEADER 00000naa a2200000 4500
001 r004573
005 20221125081204.5
041 0 |a cze 
044 |a [CS] 
245 1 0 |a Makroekonomické řízení a hospodářská politika státu. 3.  |b Názory profesora Miltona Friedmana. 
520 |a Tretia a posledná časť článku známeho ekonóma. Inflácia, jej príčiny a dôsledky a spôsob jej liečenia. Stanoviská k niektorým ďalším aspektom hospodárskej politiky. 
610 2 0 |a riadenie hospodárske 
610 2 0 |a politika hospodárska 
610 2 0 |a inflácia 
610 2 0 |a odbory 
610 2 0 |a mzdy 
610 2 0 |a Friedman, M.